| 000 | 00528nam a2200193Ia 4500 | ||
|---|---|---|---|
| 008 | 140110s9999 xx 000 0 und d | ||
| 020 | _a9781586638474 | ||
| 040 | _aLoreto College | ||
| 041 | _aEnglish | ||
| 082 |
_a822.33(ID)/JUL _bLCLIB/46831 |
||
| 100 | _aShakespeare, William, 1564-1919 | ||
| 245 |
_aJulius Caesar _cWilliam Shakespeare |
||
| 260 |
_aNew York _bSpark Pub _c2003c |
||
| 300 |
_axi,239p _c18cm |
||
| 440 | _aNo fear Shakespeare | ||
| 650 | _aEnglish Drama | ||
| 651 | _aDrama in English | ||
| 942 | _cBK | ||
| 999 |
_c20354 _d70833 |
||